000 01221nam a2200253Ia 4500
999 _c40601
_d40601
001 7226
003 GE_BSU
005 20220527134419.0
008 181216s2008||||ge |||||||||||||| ||geo||
020 _a9789994009923
041 _ageo
080 _a796.5(075.8) ბ–70
100 _aბირჟაკოვი, მიხეილ
_93370
245 _aტურიზმის თეორია :
_cმიხეილ ბირჟაკოვი ; [თარგმნა მარინა მეტრეველმა].
_b [სახელმძღვ. საშ. და უმაღლ. სასწ. სტუდ.] /
250 _aმე-2 გამოცემა
264 _aთბილისი :
_bშპს "ფორმა"
_c2008.
300 _a270 გვ.:
_bცხრ.;
_c20 სმ.
504 _a ბიბლიოგრ.: გვ. 256-264.
541 _h18ლ.
653 _aტურიზმის თეორია.
653 _aსახელმძღვანელოები უმაღლესი სასწავლებლებისათვის.
700 _aმეტრეველი, მარინა
_eმთარგმნელი
_912855
942 _cBK
_2udc